Music Quiz

Random Music or Artist Quiz
Score 0/60 Timer 15:00
0 Plays Today
Song Artist % Correct
Ain't No SunshineBill Withers
60.4%
WarEdwin Starr
57.2%
Band Of GoldFreda Payne
46.7%
Deeper And DeeperFreda Payne
46.7%
Mr. Big StuffJean Knight
32.7%
Didn't I (Blow Your Mind This Time)The Delfonics
30.1%
It's A ShameSpinners
29.7%
Rainy Night In GeorgiaBrook Benton
29.7%
PatchesClarence Carter
28%
Grazing In The GrassThe Friends Of Distinction
26.6%
Going In CirclesThe Friends Of Distinction
26.6%
Love Or Let Me Be LonelyThe Friends Of Distinction
26.6%
(For God's Sake) Give More Power To The PeopleThe Chi-Lites
25.2%
O-o-h ChildThe Five Stairsteps
25.1%
Everything's TuesdayThe Chairman Of The Board
23.1%
Give Me Just A Little More TimeThe Chairmen Of The Board
23.1%
(You've Got Me) Dangling On A StringThe Chairmen Of The Board
23.1%
Oh Happy DayThe Edwin Hawkins' Singers
22.7%
Hey There Lonely GirlEddie Holman
20.7%
Treat Her Like A LadyThe Cornelius Brothers And Sister Rose
19.3%
While You're Out Looking For Sugar?The Honey Cone
18.8%
Girls It Ain't EasyThe Honey Cone
18.8%
Want AdsThe Honey Cone
18.8%
Heavy Makes You Happy (Sha-Na-Boom Boom)The Staple Singers
17.9%
Take A Letter MariaR.B. Greaves
17.4%
Smiling Faces SometimesThe Undisputed Truth
14.9%
A Natural ManLou Rawls
14.2%
Turn Back The Hands Of TimeTyrone Davis
14.2%
Pay To The PiperThe Chairmen Of The Board
13.8%
Whatcha See Is Whatcha GetThe Dramatics
13%
Song Artist % Correct
Groove MeKing Floyd
12.8%
Love LandCharles Wright And The Watts 103rd Street Rhythm Band
12.6%
Express YourselfCharles Wright And The Watts 103rd Street Rhythm Band
12.6%
I Want To Take You HigherIke And Tina Turner And The Ikettes
12.2%
Love On A Two-Way StreetThe Moments
11.7%
Color Him FatherThe Winstons
11.4%
Groovy SituationGene Chandler
9.9%
The Love We Had (Stays On My Mind)The Dells
9.1%
(If You Let Me Make Love To You Then) Why Can't I Touch You?Ronnie Dyson
7.7%
Funky NassauThe Beginning Of The End
7.6%
5-10-15-20 (25-30 Years Of Love)The Presidents
7.2%
Double BarrelDave And Ansil Collins
7.2%
Mind, Body And SoulThe Flaming Ember
7.1%
Westbound #9The Flaming Ember
7.1%
I'm Not My Brother's KeeperThe Flaming Ember
7.1%
Are You Ready?Pacific Gas And Electric
7.1%
Right On The Tip Of My TongueBrenda And The Tabulations
6.8%
The BellsThe Originals
6.5%
Compared To WhatLes McCann And Eddie Harris
5.3%
MaybeThe Three Degrees
5.3%
Precious, PreciousJackie Moore
4.6%
I've Found Someone Of My OwnThe Free Movement
4.6%
Somebody's Been Sleeping100 Proof Aged In Soul
4.5%
I Love You For All SeasonsThe Fuzz
4.4%
Viva TiradoEl Chicano
3.7%
She's Not Just Another WomanThe 8th Day
3.4%
Somebody's Watching YouLittle Sister
2.8%
Cool AidPaul Humphrey And His Cool Aid Chemists
2.7%
Crumbs Off The TableThe Glass House
2.5%
The Sly, Slick, And The WickedThe Lost Generation
2.3%
Remove Ads.
Support Sporcle.
Get the best of Sporcle when you Go Orange. This ad-free experience offers more features, more stats, and more fun while also helping to support Sporcle. Thank you for becoming a member.

You're not logged in!

Compare scores with friends on all Sporcle quizzes.
OR
Log In

Show Comments

Extras

Top Quizzes Today


Score Distribution

Your Account Isn't Verified!

In order to create a playlist on Sporcle, you need to verify the email address you used during registration. Go to your Sporcle Settings to finish the process.

Report this User

Report this user for behavior that violates our Community Guidelines.

Details: